| 000 | 00688nam a22002177a 4500 | ||
|---|---|---|---|
| 999 |
_c20656 _d20656 |
||
| 003 | AR-CdUCM | ||
| 008 | 190603b ||||| |||| 00| 0 spa d | ||
| 040 |
_aMUNICIPALIDAD PROVINCIAL DEL CUSCO _cBIBLIOTECA MUNICIPAL DEL CUSCO |
||
| 082 |
_a985.009 / _bW78 |
||
| 100 |
_aWolfe, Bertram D. _940765 |
||
| 245 |
_aDiego Rivera : _bSu vida, su obra y su época / |
||
| 260 |
_aChile : _bErcilla, _c1941. |
||
| 300 |
_a437 páginas ; _bFotografías, _c25 cm. |
||
| 440 |
_aColección condor _943182 |
||
| 505 | _aContenido : Biografía. | ||
| 650 |
_aBiografía _922 |
||
| 650 |
_aObras _96865 |
||
| 700 |
_aCane Fontecilla, Ines (traductora) _943183 |
||
| 942 |
_2ddc _cLIBROS |
||
| 945 | _arcc | ||